| 000 | 00459nam a2200169Ia 4500 | ||
|---|---|---|---|
| 008 | 241115s9999 xx 000 0 und d | ||
| 020 | _a0-672-22660-X | ||
| 082 | _a005.133 LAF | ||
| 100 | _aLafore, Robert | ||
| 245 | 4 | _aThe Waite Groups Turbo C Programming for the PC and Turbo C++ | |
| 250 | _a.NA | ||
| 260 |
_bHoward W. SAMS & Company, _c1990 |
||
| 300 | _axxi,792p. | ||
| 600 | _aComputer Science | ||
| 650 | _aComputer Science | ||
| 942 | _cBBD | ||
| 999 |
_c25916 _d25916 |
||